| 000 | 01228nam a2200301 i 4500 | ||
|---|---|---|---|
| 003 | EG-GICUC | ||
| 005 | 20260429193128.0 | ||
| 008 | 260429s1951 ||| |||fr|||| 00| 0 fre d | ||
| 040 |
_a EG-GICUC _bfre _c EG-GICUC _d EG-GICUC _erda |
||
| 041 | _aFre | ||
| 082 | 0 | 4 |
_221 _a343.6 _bCO . D |
| 092 | 0 | 4 | _221 |
| 099 | _aLaw1 10 343.6 CO . D 1951 | ||
| 111 | 1 |
_aCongrés Pénal Et Penitentiaire International : _cBerne / _dLa Haye 14-19 Août 1950. _nTwelfth |
|
| 245 |
_aDouzieme Congrés Pénal Et Penitentiaire Internationale : _bInternational Penal and Penitentiary Congress. _nVolume Iii, _pGeneral and National Reports of Section I / _cCongrés Pénal Et Penitentiaire International. |
||
| 264 | 1 |
_aBerne : _bCommission Internationale Pénale Et Penitentiaire International Penal and Penitentiary Commission, _c1951. |
|
| 300 |
_a455 pages; _c24 cm. |
||
| 336 |
_2rda content _atext |
||
| 337 |
_2rda media _aComputer |
||
| 338 |
_2rda carrier _aOnline Resource |
||
| 546 | _aالنص باللغة الفرنسية | ||
| 650 | 1 |
_aCriminologie _2qrmak |
|
| 650 | 1 |
_aDroit De Pénal _2qrmak |
|
| 651 | 1 | _2qrmak | |
| 856 | 4 | 0 | _uhttps://fll.law.cu.edu.eg/fulltext/conf/B10-10767.pdf |
| 905 | _a54 | ||
| 942 |
_2ddc _cBK _e21 _n0 |
||
| 999 |
_c74322 _d74322 |
||